|
|
|
|
| LEADER |
01119nam a2200253 u 4500 |
| 001 |
10116344 |
| 003 |
upatras |
| 005 |
20210117205425.0 |
| 008 |
150602s2002 gre |
| 020 |
|
|
|a 9601700781
|
| 040 |
|
|
|a GR-PaULI
|c GR-PaULI
|
| 041 |
1 |
|
|a gre
|
| 082 |
0 |
4 |
|a 842.8
|
| 100 |
1 |
|
|a Ghelderode, Michel de
|d 1898-1962
|4 aut
|9 144376
|
| 245 |
1 |
0 |
|a Ξεφάντωμα στην κόλαση
|b τραγωδία μπούφα
|b δράμα σε μία πράξη
|c Μισέλ ντε Γκελντερόντ; μετάφραση Κωστής Σκαλιόρας
|
| 260 |
|
|
|a Αθήνα
|b Ύψιλον/βιβλία
|c 2002
|
| 300 |
|
|
|a 115 σ.
|b εικ.
|c 24 εκ.
|
| 650 |
|
4 |
|a Γαλλικό δράμα
|9 80208
|
| 700 |
1 |
|
|a Σκαλιόρας, Κωστής,
|d 1927-
|4 trl
|9 101698
|
| 852 |
|
|
|a GR-PaULI
|b ΠΑΤΡΑ
|b ΘΕΑΤΡΟΛΟΓΙΑ
|k ΑΣΧΕ-3
|h 842.8 GHE
|m 007333
|p 025000137596
|t 1
|
| 942 |
|
|
|2 ddc
|c BK15
|
| 952 |
|
|
|0 0
|1 0
|4 0
|6 842_800000000000000_GHE
|7 0
|9 179197
|a THST
|b THST
|d 2016-04-24
|i 007333
|l 0
|o 842.8 GHE
|p 025000137596
|r 2016-04-24 00:00:00
|t 1
|w 2016-04-24
|y BK15
|
| 998 |
|
|
|c ΜΑΝΙΑ
|d 2015-06
|
| 999 |
|
|
|c 111056
|d 111056
|